| 000 | 00759na a2200241 4500 | ||
|---|---|---|---|
| 001 | 18363 | ||
| 003 | MIRAKIL | ||
| 005 | 20181213154824.0 | ||
| 008 | 161117b tu 000 0 | ||
| 040 |
_aMilas _btur _cTR-AnCHP |
||
| 041 | _atur | ||
| 082 |
_a345.05 _bT96t [t.y.] |
||
| 090 | _a345.05 T96 [t.y.] | ||
| 110 | _aTürkiye Barolar Birliği | ||
| 245 |
_aTürkiye Barolar Birliği'nin ceza ve tutukevleri ile ilgili araştırma raporu _cTürkiye Barolar Birliği |
||
| 260 |
_aAnkara _bTürkiye Barolar Birliği _c[t.y.] |
||
| 300 |
_a23 s. _c21 sm. |
||
| 490 |
_aTBB _v3 |
||
| 610 |
_aTürkiye Barolar Birliği _xAraştırma raporları _yCeza hukuku |
||
| 650 |
_aCezaevleri _xRaporlar |
||
| 830 | _aTürkiye Barolar Birliği | ||
| 942 |
_2dcc _cBKS |
||
| 999 |
_c1478 _d1478 |
||